01834nac a22003131u 4500010001600000020002400016082001900040090001500059100003400074111010800108245035800216260011900574300002900693490004500722500007000767500002600837504002900863511002600892650004100918710007900959710007601038710008501114710008501199740005401284830003901338942002101377999001501398952010701413 a 85203090 a0852985584 (pbk.) :00a629.20287bVEH c9235d9235 a20080729 2 aInternational Conference on Vehicle Condition Monitoring and Fault Diagnosisd(1985 :cLondon, England)10aInternational Conference on Vehicle Condition Monitoring and Fault Diagnosis /csponsored by the Automobile, Railway, and Power Industries Divisions of the Institution of Mechanical Engineers ; co-sponsored by the Institution of Technical Engineers in Mechanical Engineering ... [et al.], and held under the patronage of FISITA, 6-7 March, 1985, London. aLondon :bPublished for the Institution of Mechanical Engineers by Mechanical Engineering Publications,1985c1985. a146 p. :bill. ;c30 cm.1 aIMechE conference publications ;v1985-2 aTitle on cover: Vehicle condition monitoring and fault diagnosis. adistributer: Al-Ahram aIncludes bibliographies. acatalogued by: wessam 0aMotor vehiclesxTestingxCongresses.2 aInstitution of Mechanical Engineers (Great Britain).bAutomobile Division.2 aInstitution of Mechanical Engineers (Great Britain).bRailway Division.2 aInstitution of Mechanical Engineers (Great Britain).bPower Industries Division.2 aInternational Federation of Automobile Engineers' and Technicians' Associations.0 aVehicle condition monitoring and fault diagnosis. 0aI Mech E conference publications ; cBBk629.20287VEH c9235d9235 00104070aMAINbMAINc1STd2008-04-22ePurchasel0o629.20287VEHp000011040r2025-07-15 00:00:00yBB